000 00448nam a2200169Ia 4500
003 LK-CoDNM
005 20240226122823.0
008 010623t1892 xxu||||| |||| 00| 1 sin d
040 _aLK-CoDNM
_dLK-CoDNM
_eLK-CoDNM
041 _asin
080 _a104 U19
245 _aභෛසජාර්ථමඤ්ජුසා
246 _aBhaisejarthemanjusa
260 _bA.P.Edirisinghe
_aColombo
_c1892
300 _bDamaged
_a16p., 21 cm
942 _cBK
999 _c83583
_d83583